000
00337nam a22001457a 4500
003
OSt
008
240401b |||||||| |||| 00| 0 eng d
020
_a
9788172345648
100
_a
HILL, Napoleon
245
_a
Think and Grow Rich
260
_a
New Delhi
_b
Parkash Books
_c
2020
300
_a
271
650
_a
General
942
_2
ddc
_c
REF
999
_c
12359
_d
12359